<?xml version="1.0" encoding="UTF-8"?>
<collection xmlns:xsi="http://www.w3.org/2001/XMLSchema-instance" xsi:schemaLocation="http://www.loc.gov/MARC21/slim http://www.loc.gov/standards/marcxml/schema/MARC21slim.xsd" xmlns="http://www.loc.gov/MARC21/slim">
 <record>
  <leader>00000nam a2200000 i 4500</leader>
  <controlfield tag="001">UP-1685954869149702432</controlfield>
  <controlfield tag="003">Buklod</controlfield>
  <controlfield tag="005">20240312111257.0</controlfield>
  <controlfield tag="006">m    |o  d |      </controlfield>
  <controlfield tag="007">cr |||||||||||</controlfield>
  <controlfield tag="008">240312s2019    nyu    gr   b|001 0|eng d</controlfield>
  <datafield tag="020" ind1=" " ind2=" ">
   <subfield code="a">9780190903916 (hardback)</subfield>
  </datafield>
  <datafield tag="035" ind1=" " ind2=" ">
   <subfield code="a">20837156</subfield>
  </datafield>
  <datafield tag="037" ind1=" " ind2=" ">
   <subfield code="a">SS-12413</subfield>
   <subfield code="b">Forefront</subfield>
   <subfield code="c">Php2,797.00</subfield>
   <subfield code="n">Department of Political Science</subfield>
  </datafield>
  <datafield tag="040" ind1=" " ind2=" ">
   <subfield code="a">DLC</subfield>
   <subfield code="d">DMLS</subfield>
   <subfield code="e">rda</subfield>
  </datafield>
  <datafield tag="041" ind1=" " ind2=" ">
   <subfield code="a">eng</subfield>
  </datafield>
  <datafield tag="042" ind1=" " ind2=" ">
   <subfield code="a">DMLUC</subfield>
  </datafield>
  <datafield tag="090" ind1=" " ind2=" ">
   <subfield code="a">JA 71 </subfield>
   <subfield code="b">M36 2019</subfield>
  </datafield>
  <datafield tag="100" ind1="1" ind2=" ">
   <subfield code="a">Mara, Gerald M.</subfield>
   <subfield code="e">author.</subfield>
  </datafield>
  <datafield tag="245" ind1="1" ind2="0">
   <subfield code="a">Between specters of war and visions of peace</subfield>
   <subfield code="b">dialogic political theory and the challenges of politics</subfield>
   <subfield code="c">Gerald M. Mara.</subfield>
  </datafield>
  <datafield tag="264" ind1=" " ind2="1">
   <subfield code="a">New York</subfield>
   <subfield code="b">Oxford University Press</subfield>
   <subfield code="c">2019.</subfield>
  </datafield>
  <datafield tag="300" ind1=" " ind2=" ">
   <subfield code="a">x, 270 pages</subfield>
   <subfield code="c">25 cm</subfield>
  </datafield>
  <datafield tag="336" ind1=" " ind2=" ">
   <subfield code="a">text</subfield>
   <subfield code="2">rdacontent</subfield>
  </datafield>
  <datafield tag="337" ind1=" " ind2=" ">
   <subfield code="a">unmediated</subfield>
   <subfield code="2">rdamedia</subfield>
  </datafield>
  <datafield tag="338" ind1=" " ind2=" ">
   <subfield code="a">volume</subfield>
   <subfield code="2">rdacarrier</subfield>
  </datafield>
  <datafield tag="504" ind1=" " ind2=" ">
   <subfield code="a">Includes bibliographical references and index.</subfield>
  </datafield>
  <datafield tag="505" ind1="0" ind2=" ">
   <subfield code="a">Introduction -- Chapter 1: Enmity or Friendship? -- Chapter 2: War and Order -- Chapter 3: Perpetual Peace -- Chapter 4: War is History -- Chapter 5: Political Philosophy Between War and Peace -- Notes -- References -- Index.</subfield>
  </datafield>
  <datafield tag="520" ind1=" " ind2=" ">
   <subfield code="a">&quot;Since the beginning of the twenty-first century, recurring political violence at both state and non-state levels has eroded confidence in the progressively peaceful character of international relations, and has unsettled the parameters of political thought. Frames of peace and frames of war have, throughout Western thought, colored the questions that we ask about politics, the descriptions of the pragmatic and moral alternatives that we face, and the ideas and metaphors that we use at any given moment. These frames, as this book argues, also obscure too much of political life.  Gerald M. Mara proposes, instead, a political philosophy that takes both war and peace seriously, and a style of theory committed to questioning rather than closure. He challenges two powerful currents in contemporary political philosophy: the verdict that &quot;premodern&quot; or &quot;metaphysical&quot; texts cannot speak to modern and postmodern societies and the insistence that all forms of political theory be some form of democratic theory. Mara reexamines seminal texts in the history of political theory, from Thucydides to Jacques Derrida, and from Machiavelli to Judith Butler, to examine how frames of reference of war and peace have structured both the writing of these texts, as well as interpretations of them. The result is not a linear history of ideas, but a series of conversations between them, and a democratic justification for moving beyond democratic theory.  &quot;--</subfield>
   <subfield code="c">Provided by publisher.</subfield>
  </datafield>
  <datafield tag="520" ind1=" " ind2=" ">
   <subfield code="a">&quot;This book examines how ideas of war and peace have organized frames of reference within the history of political theory. It argues for a political philosophy that takes both conditions seriously and for a style of political theory committed to questioning not closure&quot;--</subfield>
   <subfield code="c">Provided by publisher.</subfield>
  </datafield>
  <datafield tag="650" ind1=" " ind2="0">
   <subfield code="a">Politics and war.</subfield>
  </datafield>
  <datafield tag="650" ind1=" " ind2="0">
   <subfield code="a">Peace</subfield>
   <subfield code="x">Political aspects.</subfield>
  </datafield>
  <datafield tag="650" ind1=" " ind2="0">
   <subfield code="a">Political science</subfield>
   <subfield code="x">History.</subfield>
  </datafield>
  <datafield tag="650" ind1=" " ind2="0">
   <subfield code="a">Political science</subfield>
   <subfield code="x">Philosophy.</subfield>
  </datafield>
  <datafield tag="905" ind1=" " ind2=" ">
   <subfield code="a">FO</subfield>
  </datafield>
  <datafield tag="852" ind1="0" ind2=" ">
   <subfield code="a">UPD</subfield>
   <subfield code="b">DMLS</subfield>
   <subfield code="h">JA 71</subfield>
   <subfield code="i">M36 2019</subfield>
  </datafield>
  <datafield tag="942" ind1=" " ind2=" ">
   <subfield code="a">Book</subfield>
  </datafield>
 </record>
</collection>
